|
|
|
|
| LEADER |
00000cas a2200000 a 4500 |
| 001 |
vtls010304252 |
| 003 |
SK-MaSNL |
| 005 |
20260425194251.0 |
| 008 |
110817d20112013xo qr|p 0 b0eng |
| 022 |
|
|
|y 1338-4864
|
| 040 |
|
|
|a SVKBB
|b slo
|c SVKBB
|d SNK
|e AACR2
|
| 041 |
0 |
|
|a eng
|
| 043 |
|
|
|a e-xo---
|
| 044 |
|
|
|a xo
|c SK
|
| 072 |
|
7 |
|a 316.3
|x Globálne spoločnosti. Sociálna štruktúra. Sociálne skupiny
|2 konspekt
|
| 080 |
|
|
|a 316.347
|2 2011
|
| 080 |
|
|
|a 316.022.4
|2 2011
|
| 080 |
|
|
|a 050
|2 2011
|
| 080 |
|
|
|a (437.6)
|2 2011
|
| 080 |
|
|
|a 32
|2 2011
|
| 080 |
|
|
|a (051)-048.55
|2 2011
|
| 245 |
0 |
0 |
|a Minority policy in Slovakia
|b critical quarterly of The Center for the Research of Ethnicity and Culture
|
| 260 |
|
|
|a Bratislava
|b Centrum pre výskum etnicity a kultúry
|c 2011-[2013]
|
| 300 |
|
|
|a 2 zv.
|c 30 cm
|
| 310 |
|
|
|a 4x ročne
|
| 362 |
0 |
|
|a 1 (2011)-Vol. 2, č. 4 (2012)
|
| 500 |
|
|
|a V tiráži je uvedené ISSN, ktoré patrí slovenskej mutácii
|
| 500 |
|
|
|a Šéfredaktorka: 2011-2012, Jarmila Lajčáková
|
| 650 |
0 |
7 |
|a etnicita
|2 SNKPH
|9 4899
|
| 650 |
0 |
7 |
|a menšiny
|2 SNKPH
|9 2681
|
| 650 |
0 |
7 |
|a politika
|2 SNKPH
|9 968
|
| 650 |
0 |
7 |
|a Ethnicity
|2 SNKPHeng
|9 268216
|
| 650 |
0 |
7 |
|a Minorities
|2 SNKPHeng
|9 273197
|
| 650 |
0 |
7 |
|a Politics
|2 SNKPHeng
|9 265606
|
| 651 |
|
7 |
|a Slovensko
|2 SNKPHgeo
|9 14231
|
| 651 |
|
7 |
|a Slovakia
|2 SNKPHeng
|9 92630
|
| 655 |
|
7 |
|a špecializované časopisy
|2 SNKPH
|9 70509
|
| 655 |
|
7 |
|a Specialized magazines
|2 SNKPHeng
|9 266103
|
| 700 |
1 |
|
|a Lajčáková, Jarmila,
|d 1978-
|4 pbd
|9 273194
|
| 710 |
2 |
|
|a Centrum pre výskum etnicity a kultúry (Bratislava, Slovensko)
|4 pbl
|9 273195
|
| 775 |
0 |
|
|t Menšinová politika na Slovensku
|x 1338-4864
|w vtls010304249
|
| 856 |
4 |
0 |
|u http://cvek.sk/en/minority-policy/
|
| 910 |
|
|
|a snk
|
| 999 |
|
|
|c 8946
|d 10876
|
| 952 |
|
|
|t č. 1-4
|a SNK
|b SNK
|y PREZ
|7 0
|p 17A1369121
|o snkČSB 7159/2011
|i snk2019/17320
|8 0
|z Spoločne zviazané r. 2011-2012
|3 Spoločne zviazané r. 2011-2012
|0 0
|1 0
|4 0
|d 2019-06-26
|l 0
|r 2026-02-21 22:14:46
|w 2026-02-21
|
| 952 |
|
|
|t č. 1-4, neúplné
|a SNK
|b SNK
|y PREZ
|7 0
|p 17A1369122
|o snkČSB 7159/2012
|i snk2019/17320
|8 0
|z Chýba č. 4. ; Spoločne zviazané r. 2011-2012
|3 Spoločne zviazané r. 2011-2012
|0 0
|1 0
|4 0
|d 2019-06-26
|l 0
|r 2026-02-21 22:14:46
|w 2026-02-21
|
| 952 |
|
|
|t č. 1-4
|a SNK
|b SNK
|y PREZ
|7 0
|p 17A1369123
|o snkČSB 7159/2011 D1
|i snk2019/17330
|8 0
|z Spoločne zviazané r. 2011-2012
|3 Spoločne zviazané r. 2011-2012
|0 0
|1 0
|4 0
|d 2019-06-26
|l 0
|r 2026-02-21 22:14:46
|w 2026-02-21
|
| 952 |
|
|
|t č. 1-4, neúplné
|a SNK
|b SNK
|y PREZ
|7 0
|p 17A1369124
|o snkČSB 7159/2012 D1
|i snk2019/17330
|8 0
|z Chýba č. 4. ; Spoločne zviazané r. 2011-2012
|3 Spoločne zviazané r. 2011-2012
|0 0
|1 0
|4 0
|d 2019-06-26
|l 0
|r 2026-02-21 22:14:46
|w 2026-02-21
|